Cuando las imágenes tocan lo real.

Zapisane w:
Opis bibliograficzny
1. autor: Didi-Huberman, Georges (autor)
Kolejni autorzy: Chéroux, Clément (autor), Arnaldo, Javier (autor), Santamaría, Alberto (prólogo)
Format: Książka
Język:hiszpański
Wydane: Madrid, España: Círculo de Bellas Artes, 2018.
Wydanie:2a. edición.
Seria:Colección Arte y Estética,
Hasła przedmiotowe:
Etykiety: Dodaj etykietę
Nie ma etykietki, Dołącz pierwszą etykiete!

MARC

LEADER 00000nam a22000007a 4500
003 CL-VaPUC
005 20250321101933.0
008 250127t2018 ||||| |||| 00| 0 spa d
999 |c 446815  |d 446813 
020 |a 978-84-947752-3-9 
040 |c Pontificia Universidad Católica de Valparaíso 
082 |2 22  |a 701.8 DID 2018 
100 |9 860862  |a Didi-Huberman, Georges  |e autor 
245 |a Cuando las imágenes tocan lo real. 
250 |a 2a. edición. 
260 |a Madrid, España:  |b Círculo de Bellas Artes,  |c 2018. 
300 |a 115 páginas:  |b imágenes. 
490 |a Colección Arte y Estética, 
500 |a c.1-2: Instituto Arcos. 08-01-2025 
583 |c 20250127  |k Yessy Sthefany Diaz Vidal 
650 0 |9 389928  |a Análisis de la imagen   |x Filosofía del arte 
650 0 |9 267039  |a Percepción visual  |x Medios de Comunicación de Masas  |v Crítica e interpretación 
700 |9 895450  |a Chéroux, Clément   |e autor 
700 |9 578901  |a Arnaldo, Javier  |e autor 
700 |9 895861  |a Santamaría, Alberto  |e prólogo 
942 |2 ddc  |c BK  |n 0 
952 |0 0  |1 0  |2 ddc  |4 0  |6 701_800000000000000_DID_2018  |7 0  |8 A  |9 599920  |a BIBINC  |b BIBINC  |d 2025-01-27  |e Instituto Arcos  |i 5664795  |l 1  |o 701.8 DID 2018  |p 5664795  |r 2025-04-23  |s 2025-04-09  |t 1  |w 2025-01-27  |y BK  |k IFP 
952 |0 0  |1 0  |2 ddc  |4 0  |6 701_800000000000000_DID_2018  |7 0  |8 A  |9 599921  |a BIBINC  |b BIBINC  |d 2025-01-27  |e Instituto Arcos  |i 5664796  |l 3  |m 1  |o 701.8 DID 2018  |p 5664796  |q 2025-05-24  |r 2025-05-09  |s 2025-05-09  |t 2  |w 2025-01-27  |y BK  |k IFP